000 00387nam a22001577a 4500
003 MACL
005 20151223135618.0
008 151223b xxu||||| |||| 00| 0 eng d
040 _cMACL
041 _aEnglish
082 _a020/NAI
100 _aNair,P.Thankappan
_922408
245 _aFirst Circulating and College Libraries of Calcutta
650 _aLibrary
_922409
942 _2ddc
_cBK
999 _c51663
_d51663